00483nam a22001337a 4500008004100000050002300041100003500064245008500099260004700184300001200231500002500243650004200268650003900310170116b xxu||||| |||| 00| 0 eng d aLB3051 b.O98 1972 a[edited by Beausay,William J.] aOutlines and Readings in Educational Tests and Measurements/cWilliam J. Beausay aNew York :b MSS Information Corp. cc1972 a194p. : aincludes references. a Educational tests and measurements.  a Tests et mesures en éducation.